[Event "FIRST SATURDAY TOURNAMENTS Budapest IM J"]
[Site "Budapest"]
[Date "2012.07.13"]
[Round "7.3"]
[White "To, Nhat Minh"]
[Black "Kojima, Shinya"]
[Result "0-1"]
[WhiteElo "2305"]
[BlackElo "2290"]
[PlyCount "70"]
[EventDate "2012.07.07"]

1. e4 e6 2. f4 d5 3. e5 c5 4. Nf3 Nc6 5. c3 Nh6 6. Na3 Bd7 7. Nc2 Rc8 8. d4 Qb6
9. Bd3 cxd4 10. cxd4 Nb4 11. Nxb4 Bxb4+ 12. Bd2 Bxd2+ 13. Qxd2 Bb5 14. Bxb5+
Qxb5 15. Kf2 Ng4+ 16. Kg3 Nh6 17. Rhc1 O-O 18. h3 Nf5+ 19. Kf2 g6 20. g4 Ne7
21. Kg3 Qb6 22. b3 Kg7 23. Ng1 Rxc1 24. Rxc1 Rc8 25. Rxc8 Nxc8 26. Ne2 Ne7 27.
Kf3 h6 28. Ke3 Nc6 29. Qc3 Qd8 30. Kd2 Qh4 31. Qf3 Qe7 32. Kc2 Qa3 33. Kb1 Qa5
34. f5 Qe1+ 35. Kb2 Qd2+ 0-1

[Event "FIRST SATURDAY TOURNAMENTS Budapest IM J"]
[Site "Budapest"]
[Date "2012.07.13"]
[Round "7.4"]
[White "Szeberenyi, Adam"]
[Black "Xu, Yi"]
[Result "1/2-1/2"]
[WhiteElo "2325"]
[BlackElo "2165"]
[PlyCount "50"]
[EventDate "2012.07.07"]

1. d4 Nf6 2. c4 g6 3. Nc3 Bg7 4. Nf3 O-O 5. Bg5 d6 6. e3 c5 7. d5 h6 8. Bh4 g5
9. Bg3 Nh5 10. Qc2 f5 11. Bd3 e5 12. dxe6 Bxe6 13. O-O-O Nc6 14. a3 a6 15. Be2
f4 16. exf4 Nxf4 17. Ne4 Qb6 18. Bxf4 Rxf4 19. Rxd6 Bf5 20. Bd3 Bxe4 21. Bxe4
Rxe4 22. Qxe4 Qxb2+ 23. Kd1 Qa1+ 24. Kd2 Qxh1 25. Nxg5 hxg5 1/2-1/2

[Event "FIRST SATURDAY TOURNAMENTS Budapest IM J"]
[Site "Budapest"]
[Date "2012.07.13"]
[Round "7.5"]
[White "Zhu, Yanshen"]
[Black "Lengyel, Bela"]
[Result "1/2-1/2"]
[WhiteElo "2179"]
[BlackElo "2270"]
[PlyCount "101"]
[EventDate "2012.07.07"]

1. e4 e5 2. Nf3 Nc6 3. Bc4 Nf6 4. Ng5 d5 5. exd5 Na5 6. Bb5+ c6 7. dxc6 bxc6 8.
Bd3 Nd5 9. Ne4 Nf4 10. Bf1 f5 11. Nec3 Ne6 12. d3 Bd6 13. a3 O-O 14. Nd2 Qf6
15. Be2 Bd7 16. Bf3 Rae8 17. Nf1 e4 18. Be2 Nd4 19. Ng3 c5 20. dxe4 f4 21. Nf1
Qg6 22. Bf3 Nc4 23. Nd2 Ne5 24. Ne2 Nexf3+ 25. gxf3 Qg2 26. Rg1 Qxh2 27. c3
Rxe4 28. fxe4 f3 29. Nxd4 Qxg1+ 30. Nf1 Bh3 31. Qd3 cxd4 32. cxd4 Bxf1 33. Qxf1
Qg6 34. e5 Qe4+ 35. Be3 Be7 36. Rc1 Bg5 37. Qc4+ Kh8 38. Qc2 Qg4 39. Qd3 h5 40.
Kd2 Bxe3+ 41. Qxe3 Rf4 42. Rc8+ Kh7 43. Qd3+ Re4 44. Rf8 Kh6 45. Kc3 Rf4 46.
Rh8+ Kg5 47. Qe3 Kh4 48. Qe1 Re4 49. Qh1+ Kg5 50. Qc1+ Kh4 51. Qh1+ 1/2-1/2

[Event "FIRST SATURDAY TOURNAMENTS Budapest IM J"]
[Site "Budapest"]
[Date "2012.07.14"]
[Round "8.1"]
[White "Xu, Yi"]
[Black "Zhu, Yanshen"]
[Result "1-0"]
[WhiteElo "2165"]
[BlackElo "2179"]
[PlyCount "35"]
[EventDate "2012.07.07"]

1. e4 e5 2. Nf3 Nc6 3. Bb5 a6 4. Bxc6 dxc6 5. O-O f6 6. d4 Bg4 7. c3 Bd6 8. Be3
Ne7 9. Nbd2 Qd7 10. Qc2 Ng6 11. Rfe1 O-O 12. Rad1 Kh8 13. Qd3 Rad8 14. h3 Be6
15. Qf1 Bxa2 16. b3 Qf7 17. Qc4 Qxc4 18. bxc4 1-0

[Event "FIRST SATURDAY TOURNAMENTS Budapest IM J"]
[Site "Budapest"]
[Date "2012.07.14"]
[Round "8.2"]
[White "Kojima, Shinya"]
[Black "Szeberenyi, Adam"]
[Result "0-1"]
[WhiteElo "2290"]
[BlackElo "2325"]
[PlyCount "54"]
[EventDate "2012.07.07"]

1. Nf3 c5 2. c4 Nc6 3. d4 cxd4 4. Nxd4 Nf6 5. g3 g6 6. Bg2 Bg7 7. Nc3 O-O 8.
O-O Ng4 9. e3 Nh6 10. Nde2 Nf5 11. e4 Nfd4 12. Nxd4 Nxd4 13. Be3 e5 14. Nb5
Nxb5 15. cxb5 d6 16. Qd3 Be6 17. Rfd1 Qa5 18. a4 Qb4 19. Qd2 Qxd2 20. Rxd2 Rfd8
21. Rc1 a6 22. bxa6 Rxa6 23. a5 Raa8 24. b4 Bf8 25. b5 Rxa5 26. Bb6 Rc8 27. Rb1
Rxb5 0-1

[Event "FIRST SATURDAY TOURNAMENTS Budapest IM J"]
[Site "Budapest"]
[Date "2012.07.14"]
[Round "8.3"]
[White "Szajbely, Zsigmond"]
[Black "To, Nhat Minh"]
[Result "0-1"]
[WhiteElo "2230"]
[BlackElo "2305"]
[PlyCount "138"]
[EventDate "2012.07.07"]

1. e4 e6 2. d4 d5 3. Nc3 Bb4 4. Bd3 dxe4 5. Bxe4 Nf6 6. Bf3 Nd5 7. Nge2 O-O 8.
O-O Nxc3 9. bxc3 Bd6 10. c4 c5 11. Bb2 Qc7 12. g3 cxd4 13. Nxd4 a6 14. Qe2 Nd7
15. Be4 Nc5 16. Bd3 Re8 17. Nb3 Nxd3 18. cxd3 b6 19. d4 Bb7 20. Rac1 Bf8 21. f3
Rac8 22. c5 b5 23. Qd2 Bd5 24. Qc3 g6 25. Rf2 Bg7 26. Qb4 Red8 27. Kg2 h5 28.
Bc3 h4 29. Nd2 hxg3 30. hxg3 g5 31. a4 Qc6 32. axb5 axb5 33. Rb1 Rb8 34. Nf1
Bxf3+ 35. Kg1 g4 36. Re1 Rd5 37. Rh2 Rbd8 38. Qb1 Rf5 39. Ne3 Rg5 40. Qh7+ Kf8
41. Qh4 f6 42. Nc2 Qd5 43. Bd2 Rg6 44. Ra1 Ra8 45. Rxa8+ Qxa8 46. Ne1 Be4 47.
Rf2 Qd5 48. Be3 Kf7 49. Rb2 Qc4 50. Qh2 Qc3 51. Qd2 Qxd2 52. Bxd2 f5 53. Be3 e5
54. d5 Bxd5 55. Rxb5 Ra6 56. Rb1 Ra3 57. Bf2 f4 58. gxf4 g3 59. fxe5 gxf2+ 60.
Kxf2 Bxe5 61. Rd1 Be4 62. c6 Bxc6 63. Ke2 Ke6 64. Rb1 Be4 65. Rb4 Kf5 66. Rc4
Ra2+ 67. Kd1 Bd5 68. Rb4 Ra1+ 69. Ke2 Rxe1+ 0-1

[Event "FIRST SATURDAY TOURNAMENTS Budapest IM J"]
[Site "Budapest"]
[Date "2012.07.14"]
[Round "8.5"]
[White "Farago, Sandor"]
[Black "Szabo, Bence"]
[Result "1/2-1/2"]
[WhiteElo "2266"]
[BlackElo "2336"]
[PlyCount "58"]
[EventDate "2012.07.07"]

1. d4 Nf6 2. c4 e6 3. Nf3 b6 4. g3 Ba6 5. b3 Bb4+ 6. Bd2 Be7 7. Nc3 O-O 8. Bg2
d5 9. cxd5 exd5 10. O-O Re8 11. Re1 Nbd7 12. Ne5 Bb7 13. f4 c5 14. e3 Nf8 15.
Ne2 Ne4 16. Bc1 f6 17. Nd3 Rc8 18. Nf2 Nxf2 19. Kxf2 Qd7 20. Bb2 c4 21. Qd2 b5
22. a3 Bd8 23. Bc3 Ng6 24. a4 bxa4 25. bxa4 Ne7 26. Bb4 Bc6 27. Nc3 Rb8 28.
Reb1 Nc8 29. a5 Qe6 1/2-1/2

[Event "FIRST SATURDAY TOURNAMENTS Budapest IM J"]
[Site "Budapest"]
[Date "2012.07.15"]
[Round "9.1"]
[White "Bub, Volker"]
[Black "Farago, Sandor"]
[Result "0-1"]
[WhiteElo "2153"]
[BlackElo "2266"]
[PlyCount "94"]
[EventDate "2012.07.07"]

1. Nf3 c5 2. g3 d5 3. Bg2 Nc6 4. O-O e5 5. d3 Be7 6. Nbd2 Nf6 7. e4 d4 8. h3
Qc7 9. Qe2 h6 10. Ne1 g6 11. f4 Nh5 12. Qf2 Bd7 13. Nc4 O-O-O 14. Nxe5 Nxe5 15.
fxe5 Be6 16. g4 Ng7 17. c3 dxc3 18. bxc3 Qxe5 19. d4 cxd4 20. Bf4 Qc5 21. cxd4
Rxd4 22. Be3 Rc4 23. Nd3 Qa3 24. Ne5 Rc7 25. Bxa7 Bd6 26. Bd4 Rd8 27. Rfd1 f5
28. exf5 gxf5 29. Bb2 Qa5 30. Qe2 fxg4 31. Nxg4 Bc4 32. Qe4 Nf5 33. Be5 Qc5+
34. Kh1 Be6 35. Qf4 Bxe5 36. Rxd8+ Kxd8 37. Nxe5 Qc2 38. Re1 Kc8 39. Qb4 Kb8
40. Qf8+ Bc8 41. Qb4 Qf2 42. Nd3 Qg3 43. Rd1 Ne3 44. Rd2 Nxg2 45. Nc5 Qxh3+ 46.
Kg1 Qe3+ 47. Kxg2 Rg7+ 0-1

[Event "FIRST SATURDAY TOURNAMENTS Budapest IM J"]
[Site "Budapest"]
[Date "2012.07.15"]
[Round "9.2"]
[White "To, Nhat Minh"]
[Black "Szalanczy, Emil"]
[Result "0-1"]
[WhiteElo "2305"]
[BlackElo "2272"]
[PlyCount "54"]
[EventDate "2012.07.07"]

1. d4 c5 2. d5 e6 3. c4 exd5 4. cxd5 g6 5. Nc3 Bg7 6. Nf3 a6 7. a4 d6 8. h3 Nf6
9. Bf4 O-O 10. e3 Qe7 11. Nd2 Nbd7 12. Be2 Ne5 13. O-O Bd7 14. a5 Ne8 15. Bh2
f5 16. Re1 Nc7 17. Qb3 Rab8 18. Bf1 g5 19. f4 Ng6 20. Nc4 Bb5 21. Nxb5 axb5 22.
Na3 c4 23. Qb4 gxf4 24. exf4 Qd7 25. Rac1 Rfe8 26. b3 Bd4+ 27. Kh1 Bc5 0-1

[Event "FIRST SATURDAY TOURNAMENTS Budapest IM J"]
[Site "Budapest"]
[Date "2012.07.15"]
[Round "9.3"]
[White "Szeberenyi, Adam"]
[Black "Szajbely, Zsigmond"]
[Result "1/2-1/2"]
[WhiteElo "2325"]
[BlackElo "2230"]
[PlyCount "67"]
[EventDate "2012.07.07"]

1. d4 Nf6 2. c4 g6 3. Nc3 Bg7 4. e4 d6 5. Be2 O-O 6. Bg5 a6 7. Nf3 Bg4 8. O-O
Bxf3 9. Bxf3 Nfd7 10. Qd2 Nc6 11. d5 Nd4 12. Bd1 Ne5 13. b3 c5 14. dxc6 Nexc6
15. Rc1 Re8 16. Bg4 Ne5 17. Be2 Qa5 18. Rfd1 e6 19. Be3 Nec6 20. Bf1 Rad8 21.
Ne2 Nxe2+ 22. Bxe2 Qa3 23. Bb6 Rd7 24. Qe3 Ree7 25. Rc2 Nb4 26. Rcd2 Nxa2 27.
Bc5 Qa5 28. Bb6 Qa3 29. Bc5 Qa5 30. Bxd6 Nc3 31. Bxe7 Nxd1 32. Rxd1 Rxe7 33.
Qd2 Bc3 34. Qd8+ 1/2-1/2

[Event "FIRST SATURDAY TOURNAMENTS Budapest IM J"]
[Site "Budapest"]
[Date "2012.07.15"]
[Round "9.4"]
[White "Zhu, Yanshen"]
[Black "Kojima, Shinya"]
[Result "1-0"]
[WhiteElo "2179"]
[BlackElo "2290"]
[PlyCount "85"]
[EventDate "2012.07.07"]

1. e4 e6 2. d4 d5 3. exd5 exd5 4. c4 Nf6 5. Nc3 Bb4 6. Bd3 O-O 7. a3 dxc4 8.
Bxc4 Bd6 9. Bg5 Nc6 10. Nge2 h6 11. Bh4 Bf5 12. h3 g5 13. Bg3 Bxg3 14. fxg3 Qe7
15. O-O Bg6 16. Kh2 Rad8 17. Qd2 a6 18. Rae1 Qd6 19. Bb3 Rfe8 20. d5 Ne7 21.
Nd4 Nexd5 22. Nxd5 Nxd5 23. Rxe8+ Rxe8 24. Nf5 Bxf5 25. Rxf5 c6 26. Bxd5 cxd5
27. Rxd5 Qf6 28. Rd6 Re6 29. Rd8+ Kg7 30. Rb8 Rb6 31. b4 Rd6 32. Qc2 Qa1 33.
Qc8 Rd1 34. Qh8+ Kg6 35. Rg8+ Kf5 36. Qh7+ Ke5 37. Re8+ Kd4 38. Qe4+ Kc3 39.
Rc8+ Kb3 40. Qc2+ Kxa3 41. Rc3+ Kxb4 42. Rb3+ Ka5 43. Qc7+ 1-0

[Event "FIRST SATURDAY TOURNAMENTS Budapest IM J"]
[Site "Budapest"]
[Date "2012.07.15"]
[Round "9.5"]
[White "Lengyel, Bela"]
[Black "Xu, Yi"]
[Result "0-1"]
[WhiteElo "2270"]
[BlackElo "2165"]
[PlyCount "83"]
[EventDate "2012.07.07"]

1. e4 c5 2. Nf3 Nc6 3. d4 cxd4 4. Nxd4 Qc7 5. Nc3 e6 6. Be2 Nf6 7. a3 a6 8. O-O
Be7 9. Kh1 d6 10. f4 O-O 11. Bf3 Re8 12. g4 Bf8 13. g5 Nd7 14. f5 Nde5 15. Bg2
b5 16. Nxc6 Qxc6 17. f6 g6 18. Bf4 Bb7 19. Ne2 Rad8 20. Ng3 a5 21. b3 a4 22.
Ra2 Nd7 23. h4 Nc5 24. h5 d5 25. e5 Ne4 26. Qg4 Rd7 27. Kh2 Qc3 28. Ne2 Qc5 29.
hxg6 fxg6 30. Rf3 d4 31. Nc1 Nc3 32. Nd3 Qc7 33. Ra1 Bxf3 34. Qxf3 Nd5 35. bxa4
bxa4 36. Rf1 Bxa3 37. Nf2 Bf8 38. Ng4 Qxc2 39. Bg3 Rf7 40. Qxd5 exd5 41. Rf2
Qc6 42. Bh3 0-1

[Event "FIRST SATURDAY TOURNAMENTS Budapest IM J"]
[Site "Budapest"]
[Date "2012.07.16"]
[Round "10.2"]
[White "Szajbely, Zsigmond"]
[Black "Zhu, Yanshen"]
[Result "0-1"]
[WhiteElo "2230"]
[BlackElo "2179"]
[PlyCount "112"]
[EventDate "2012.07.07"]

1. e4 e5 2. Nf3 Nc6 3. d4 exd4 4. Nxd4 Bc5 5. Be3 Qf6 6. c3 Nge7 7. Bc4 Qg6 8.
O-O Ne5 9. Be2 d6 10. f4 Qxe4 11. Bf2 Bxd4 12. cxd4 N5g6 13. g3 Bh3 14. Bf3 Qf5
15. Re1 d5 16. Qb3 O-O-O 17. Nc3 h5 18. Rac1 c6 19. Nd1 Kb8 20. Qb4 Qd7 21. a4
Bg4 22. Bg2 h4 23. Ne3 Be6 24. Rc3 Nf5 25. Nxf5 Bxf5 26. Rce3 hxg3 27. Bxg3
Rhe8 28. Qd2 Kc8 29. Qa5 a6 30. Qc3 Rxe3 31. Qxe3 Be4 32. Bf1 f5 33. b4 Qe7 34.
Qc3 Qf6 35. b5 axb5 36. axb5 Nh4 37. Be2 Kd7 38. Ra1 Ng6 39. Ra7 Rb8 40. Qb4
Kc7 41. bxc6 Qxc6 42. Ra3 Qd6 43. Qa5+ Kd7 44. Rb3 Ne7 45. Bb5+ Ke6 46. Ba4 Nc6
47. Qc3 Ra8 48. Bb5 Ra2 49. Bf1 Qe7 50. Rb6 Qa3 51. Rb3 Qa7 52. Bf2 Ra1 53. Qb2
Qa6 54. Be1 Rxe1 55. Qf2 Qa1 56. Rxb7 Bd3 0-1

[Event "FIRST SATURDAY TOURNAMENTS Budapest IM J"]
[Site "Budapest"]
[Date "2012.07.16"]
[Round "10.5"]
[White "Szabo, Bence"]
[Black "Bub, Volker"]
[Result "1-0"]
[WhiteElo "2336"]
[BlackElo "2153"]
[PlyCount "59"]
[EventDate "2012.07.07"]

1. d4 g6 2. c4 Bg7 3. e4 d6 4. Nc3 Nd7 5. Nf3 h6 6. Be3 e5 7. h4 exd4 8. Nxd4
Ngf6 9. Be2 Nc5 10. f3 Nh5 11. g4 Ng3 12. Rh2 Bf6 13. h5 gxh5 14. gxh5 c6 15.
Qd2 Bg5 16. O-O-O Nxe2+ 17. Ndxe2 Bxe3 18. Qxe3 Qf6 19. f4 b6 20. b4 Nb7 21. b5
Bd7 22. Nd4 Rc8 23. Rc2 Na5 24. e5 dxe5 25. Ne4 Qe7 26. fxe5 Kf8 27. Nd6 Rc7
28. Rf1 Be6 29. Rf6 cxb5 30. Nxe6+ 1-0